| 000 | 01016nac a22003131i 4500 | ||
|---|---|---|---|
| 003 | EG-ScBUE | ||
| 005 | 20250219092600.0 | ||
| 008 | 250210t2007 njuab f 001 0 eng d | ||
| 020 | _a0131709321 | ||
| 020 | _a9780131709324 | ||
| 035 | _a(OCoLC)ocm61228834 | ||
| 040 |
_aEG-ScBUE _beng _erda _cEG-ScBUE _dEG-ScBUE |
||
| 082 | 0 | 4 |
_a526.9 _bKAV _222 |
| 100 | 1 |
_aKavanagh, Barry F., _eauthor. |
|
| 245 | 1 | 0 |
_aSurveying with construction applications / _cBarry F. Kavanagh, Seneca College, emeritus. |
| 250 | _aSixth edition. | ||
| 264 | 1 |
_aUpper Saddle River, N.J. : _bPearson Prentice Hall, _c[2007] |
|
| 264 | 4 | _cc2007 | |
| 300 |
_axv, 681 pages : _billustrations (some color), maps (some color) ; _c25 cm |
||
| 336 |
_2rdacontent _atext _btxt |
||
| 337 |
_aunmediated _2rdamedia _bn |
||
| 338 |
_avolume _bnc _2rdacarrier |
||
| 500 | _aIncludes index. | ||
| 500 | _aIncludes appendix. | ||
| 650 | 7 |
_aSurveying. _2BUEsh |
|
| 650 | 7 |
_aBuilding sites. _2BUEsh |
|
| 655 | _vReading book | ||
| 942 |
_cBB _2ddc |
||
| 999 |
_c2793 _d2793 |
||